• 首页
  • 本馆介绍
  • 公告通知
  • 最新文献
  • 馆藏检索
  • 电子资源
  • 读者导购
  • 参考咨询
  • 我的图书馆
  • 登录
  • 详细信息显示
  • 放入我的书架
  • 预约/预借图书
  • 作者相关作品
  • 分类相关作品
  • 丛书相关作品
  • 出版社相关作品

书目信息

  • 表格格式
  • 工作单格式
  • 卡片格式
题名:
多元文化视野中的当代藏族汉语文学
    
 
作者: 胡沛萍 , 于宏 著
分册:  
出版信息: 北京   民族出版社  2014
页数: 337页
开本: 21cm
丛书名:
单 册:
中图分类: I207.914
科图分类:
主题词: 藏族--Cang Zu--少数民族文学评论--中国--现代
电子资源:
ISBN: 978-7-105-13126-6
000 01192nam0 22002651 450
001 0121113136
005 20161122150155.84
010    @a978-7-105-13126-6@dCNY42.00
100    @a20140523d2014 em y0chiy50 ea
101 0  @achi
102    @aCN@b110000
105    @ay z 000yy
106    @ar
200 1  @a多元文化视野中的当代藏族汉语文学@ADuo Yuan Wen Hua Shi Ye Zhong De Dang Dai Cang Zu Han Yu Wen Xue@dContemporary Tibetan Chinese literature: multicultural perspective@f胡沛萍,于宏著@zeng
210    @a北京@c民族出版社@d2014
215    @a337页@d21cm
300    @a西藏民族学院资助出版
330    @a本书共8章,内容包括:当代藏族作家与藏族传统文化、文学的关系,传统题材和内容的借用与创新,传统文化意象和文化景观的当代书写,当代藏族文学中的传统文本,民族文化心理的艺术展示,当代藏族文学与汉语文学的相互关系,当代藏族文学和世界文学的关系等。
510 1  @aContemporary Tibetan Chinese literature: multicultural perspective@zeng
606 0  @a藏族@ACang Zu@x少数民族文学评论@y中国@z现代
690    @aI207.914@v5
701  0 @a胡沛萍@AHu Pei Ping@f(1973~)@4著
701  0 @a于宏@AYu Hong@c(女,@f1978~)@4著
801  0 @aCN@bTANGWEI@c20161118
905    @b0899145-9@dI207.914@e727@f5
    
    多元文化视野中的当代藏族汉语文学=Contemporary Tibetan Chinese literature: multicultural perspective/胡沛萍,于宏著.-北京:民族出版社,2014
    337页;21cm
    西藏民族学院资助出版
    
    ISBN 978-7-105-13126-6:CNY42.00
    本书共8章,内容包括:当代藏族作家与藏族传统文化、文学的关系,传统题材和内容的借用与创新,传统文化意象和文化景观的当代书写,当代藏族文学中的传统文本,民族文化心理的艺术展示,当代藏族文学与汉语文学的相互关系,当代藏族文学和世界文学的关系等。
●
相关链接 在E读中查询图书 在五车中查询图书 在当当中查询图书 在豆瓣中查询图书


正题名:多元文化视野中的当代藏族汉语文学     索取号:I207.914/727         预约/预借

序号 登录号 条形码 馆藏地/架位号 状态 备注
1 0899145   208991457   第一样本阅览室/ [索取号:I207.914/727] 在馆    
2 0899146   208991466   第二借阅区/ [索取号:I207.914/727] 在馆    
3 0899147   208991475   第二借阅区/ [索取号:I207.914/727] 在馆    
4 0899148   208991484   教育系资料室/ [索取号:I207.914/727] 在馆    
5 0899149   208991493   教育系资料室/ [索取号:I207.914/727] 在馆    
唐山师范学院图书馆 欢迎您!
大连网信软件有限公司© 版权所有